Normal view MARC view
  • Mehta Nita

Entry Personal Name

Number of records used in: 4

001 - CONTROL NUMBER

  • control field: 4392

003 - CONTROL NUMBER IDENTIFIER

  • control field: OSt

005 - DATE AND TIME OF LATEST TRANSACTION

  • control field: 20171113092201.0

008 - FIXED-LENGTH DATA ELEMENTS

  • fixed length control field: 171113|| aca||aabn | a|a d

040 ## - CATALOGING SOURCE

  • Original cataloging agency: OSt
  • Transcribing agency: OSt

100 ## - HEADING--PERSONAL NAME

  • Personal name: Mehta Nita

670 ## - SOURCE DATA FOUND

  • Source citation: Work cat.: (OSt): Mehta Nita, Mocktails and Snacks, 2012

Powered by Koha